000 00488nam a2200169Ia 4500
999 _c28799
_d28799
003 OSt
005 20201130100933.0
008 190216s9999||||xx |||||||||||||| ||und||
040 _coclc
082 _a894.8124
_bTHO/N
100 _aThomas, K V
_97003
245 0 _aNagarathil Paranja Suvishesham /
_cK V Thomas
260 _bLipi Publications,
_aKozhikode:
_c2003.
300 _a184p
650 _aLekhanam
942 _cBK
_2ddc
_h894.8124
_iTHO/N
_k894.8124
_mTHO/N